Phân tầng xã hội ở Việt Nam hiện nay

Nội dung sách giới thiệu khái lược về phân tầng xã hội và di động xã hội. Thực trạng và xu hướng biến đổi mô hình phân tầng xã hội, di động xã hội giữa các tầng lớp. kết luận và một số vấn đề cơ bản đặt ra....

ver descrição completa

Na minha lista:
Detalhes bibliográficos
Autor principal: Đỗ, Thiên Kính
Formato: Livro
Idioma:Undetermined
Publicado em: Hà Nội Khoa học Xã hội 2018
Assuntos:
Tags: Adicionar Tag
Sem tags, seja o primeiro a adicionar uma tag!
Thư viện lưu trữ: Trung tâm Học liệu Trường Đại học Cần Thơ
LEADER 00992nam a2200217Ia 4500
001 CTU_227108
008 210402s9999 xx 000 0 und d
020 |c 85000 
082 |a 335.412 
082 |b K312 
100 |a Đỗ, Thiên Kính 
245 0 |a Phân tầng xã hội ở Việt Nam hiện nay 
245 0 |c Đỗ Thiên Kính 
260 |a Hà Nội 
260 |b Khoa học Xã hội 
260 |c 2018 
520 |a Nội dung sách giới thiệu khái lược về phân tầng xã hội và di động xã hội. Thực trạng và xu hướng biến đổi mô hình phân tầng xã hội, di động xã hội giữa các tầng lớp. kết luận và một số vấn đề cơ bản đặt ra. 
650 |a Phân tầng xã hội,Social classes 
650 |z Việt Nam,Vietnam 
910 |b dqhieu 
980 |a Trung tâm Học liệu Trường Đại học Cần Thơ